Time series and stochastic processes, convexity and combinatorics: (Record no. 24836)

MARC details
000 -LEADER
fixed length control field 00618nam a22001577a 4500
008 - FIXED-LENGTH DATA ELEMENTS--GENERAL INFORMATION
fixed length control field 230428b |||||||| |||| 00| 0 eng d
020 ## - INTERNATIONAL STANDARD BOOK NUMBER
International Standard Book Number 0-919558-00-3
040 ## - CATALOGING SOURCE
Original cataloging agency National Science Library
Transcribing agency National Science Library
080 ## - UNIVERSAL DECIMAL CLASSIFICATION NUMBER
Universal Decimal Classification number 519.1(082.2)
Item number L0
245 ## - TITLE STATEMENT
Title Time series and stochastic processes, convexity and combinatorics:
Remainder of title Proceedings of the twelfth biennial seminar of the Canadian Mathematical Congress
Statement of responsibility, etc. / Canadian Mathematical Congress
260 ## - PUBLICATION, DISTRIBUTION, ETC.
Place of publication, distribution, etc. Montreal:
Name of publisher, distributor, etc. Canadian Mathematical Congress,
Date of publication, distribution, etc. 1970
300 ## - PHYSICAL DESCRIPTION
Extent xiv, 279p.
650 ## - SUBJECT ADDED ENTRY--TOPICAL TERM
Topical term or geographic name entry element Science
700 ## - ADDED ENTRY--PERSONAL NAME
Personal name Pyke, Ronald (Ed.)
942 ## - ADDED ENTRY ELEMENTS (KOHA)
Source of classification or shelving scheme Universal Decimal Classification
Koha item type Proceedings
Holdings
Withdrawn status Lost status Source of classification or shelving scheme Damaged status Not for loan Home library Current library Shelving location Date acquired Total Checkouts Full call number Barcode Date last seen Price effective from Koha item type
    Universal Decimal Classification     National Science Library National Science Library GF/Rk-5/C-23/R-4 19/12/1972   519.1(082.2) L0 43376 28/04/2023 19/12/1972 Proceedings